zpět

Detail výsledku týmu

The Pub Praha 2 PO, Praha

Datum a čas kvízu

33.5 Celkem bodů Celkový počet nahraných bodů na tomto kvízu bez doplňovacích otázek.
9. Pořadí na kvízu Konečné umístění týmu na tomto kvízu.

Zaznamenané odpovědi

# Otázka Odpověď Body Výsledky
1. Česká Wikipedie dosáhla minulý... C) 500 tisíc článků 1
2. Ostře sledovaná byla návštěva... Slovinsko, Polsko 1
3. V pondělí byl oznámen poměrně... Veronika Žilková, Martin Stropnický 1
4. Slavný boxer Mike Tyson se v s... ucho 1
5. Fotbalová Barcelona minulý týd... Spotify 0
6. Autorem literární předlohy age... Ve 20. století. 1
7. Seřaďte následující bondovky c... 1A 2D 3B 4C 0
8. Kterou z těchto zemí James Bon... D 1
9. Ve kterém filmu ztvárnila roli... Dnes neumírej 1
10. Která zpěvačka napsala spolu s... Billie Eilish 1